000 00524nam a22001577a 4500
020 _a8173713626
082 _a900
_bSCH/S
100 _aSCHWEBER,S.S
245 _aIN THE SHADOW OF THE BOMB
_bOPPENHEIMER, BETHE, AND THE MORAL RESPONSIBILITY OF THE SCIENTIST
246 _aIN THE SHADOW OF THE BOMB
_bOPPENHEIMER, BETHE, AND THE MORAL RESPONSIBILITY OF THE SCIENTIST
260 _aHYDERABAD
_bUNIVERSITIS PRESS
_c2001
300 _a260
520 _aSOCIAL SCIENCE AND THE SCIENTIST
650 _aSOCIAL SCIENCE
942 _cBK
999 _c1549
_d1549